| 000 | 02297nam0a2200373 4500 | ||
|---|---|---|---|
| 001 | RU\NLR\bibl\1104056 | ||
| 005 | 20260407071916.0 | ||
| 021 |
_aRU _b2007-34935 _91857 |
||
| 035 | _a(NLR Aleph) 001091133 | ||
| 090 |
_a1119046 _c1119046 |
||
| 100 | _a20070702d2007 |||y0rusy50 ca | ||
| 101 | 0 |
_arus _deng |
|
| 102 | _aRU | ||
| 105 | _ay ||||||||| | ||
| 200 | 1 |
_aЦентральная Азия в современном мире: внешнеполитические и геоэкономические аспекты развития _eреферативный сборник _fРос. акад. наук, Ин-т науч. информ. по обществ. наукам, [Центр науч.-информ. исслед. глобал. и регион. пробл., Отд. Азии и Африки _gред.-сост. и отв. ред. - д.ист.н. С.И. Кузнецова] |
|
| 210 |
_aМосква _cИнститут научной информации по общественным наукам РАН _d2007 |
||
| 215 |
_a178 с. _d20 |
||
| 225 | 1 | _aСерия "Проблемы общественного развития стран Азии и Африки" | |
| 300 | _aРез. на англ. яз. | ||
| 320 | _aБиблиогр. в тексте и в подстроч. прим. | ||
| 606 | 1 |
_aГеополитика _jСборники _yЦентральная Азия _92364644 _3RU\NLR\auth\661411796 |
|
| 607 |
_aЦентральноазиатские страны _jСборники _xЭкономические взаимоотношения _92479251 _3RU\NLR\auth\661471899 |
||
| 607 |
_aЦентральноазиатские страны _jСборники _xВнешняя политика _92479253 _3RU\NLR\auth\661471900 |
||
| 686 | _aУ9(54)89я43 | ||
| 686 | _aФ3(54)3я43 | ||
| 686 | _aТ3(257)74-6я43 | ||
| 702 | 1 |
_4220 _8rus _7ca _aКузнецова _bС. И. _cд-р ист. наук _f1923-2010 _gСофья Иосифовна _3RU\NLR\AUTH\7745353 _928291 |
|
| 712 | 0 | 2 |
_4570 _aИнститут научной информации по общественным наукам _cМосква _3RU\NLR\AUTH\88992 _9272425 |
| 801 | 0 |
_aRU _bNLR _c20070702 _gRCR |
|
| 801 | 1 |
_aRU _bNLR _c20070702 |
|
| 942 | _cBOOK | ||
| 980 | _aNB | ||